Brad Pitt Movies by Picture Quiz - Statistics

General Stats
  • This quiz has been taken 556 times
  • The average score is 10 of 16
Answer Stats
Picture Answer % Correct
Mr. & Mrs. Smith
87%
Fight Club
86%
Ocean's Eleven
82%
Inglourious Basterds
80%
Troy
79%
Se7en
76%
The Curious Case of Benjamin Button
74%
Moneyball
70%
Bullet Train
63%
World War Z
60%
Interview with the Vampire
51%
12 Years a Slave
49%
Snatch
47%
12 Monkeys
42%
Babylon
42%
The Big Short
36%
No matching quizzes found
Score Distribution
Percent of People with Each Score
Percentile by Number Answered
Your Score History
You have not taken this quiz